A nyelvészeti és a szemiotikái-textológiái kutatásról
Elmentve itt :
| Dokumentumtípus: | Cikk |
|---|---|
| Megjelent: |
2007
|
| Sorozat: | Szemiotikai szövegtan
|
| Kulcsszavak: | Szövegtan |
| Online Access: | http://acta.bibl.u-szeged.hu/36629 |
| LEADER | 00553nab a2200169 i 4500 | ||
|---|---|---|---|
| 001 | acta36629 | ||
| 005 | 20210722102118.0 | ||
| 008 | 161017s2007 hu o 0|| hun d | ||
| 022 | |a 0865-5960 | ||
| 040 | |a SZTE Egyetemi Kiadványok Repozitórium |b hun | ||
| 041 | |a hun | ||
| 245 | 0 | 2 | |a A nyelvészeti és a szemiotikái-textológiái kutatásról |h [elektronikus dokumentum] |
| 260 | |c 2007 | ||
| 300 | |a 19-30 | ||
| 490 | 0 | |a Szemiotikai szövegtan | |
| 695 | |a Szövegtan | ||
| 856 | 4 | 0 | |u http://acta.bibl.u-szeged.hu/36629/1/szemiotikai_018_019-030.pdf |z Dokumentum-elérés |